[Event "2BLN 1920 SV Glückauf Rüdersdorf - FC"]
[Site "?"]
[Date "2019.12.07"]
[Round "5.3"]
[White "Feuerstack, Aljoscha"]
[Black "Sieciechowicz, Marcin"]
[Result "0-1"]
[WhiteElo "2446"]
[BlackElo "2366"]
[PlyCount "79"]
[EventDate "2019.??.??"]

1. e4 c5 2. Nf3 d6 3. d4 cxd4 4. Nxd4 Nf6 5. Nc3 a6 6. Be3 e5 7. Nb3 Be6 8. f3
h5 9. Nd5 Bxd5 10. exd5 Nbd7 11. Qd2 Qc7 12. c4 b6 13. Be2 g6 14. O-O Bg7 15.
Rac1 O-O 16. h3 Rfe8 17. Na1 a5 18. Nc2 Nc5 19. Na3 Kh7 20. Nb5 Qd7 21. Bd1 e4
22. Bc2 exf3 23. Rxf3 Nfe4 24. Qe2 f5 25. Rcf1 Re7 26. Qd1 Bxb2 27. Nd4 Kg8 28.
Nc6 Rf7 29. g4 Raf8 30. gxh5 gxh5 31. Kh2 Bg7 32. Rg1 f4 33. Bd4 Ng3 34. Rgxg3
fxg3+ 35. Rxg3 Qe8 36. Qg1 Qe2+ 37. Rg2 Re8 38. Bg6 Rf1 39. Bxe8 Rxg1 40. Rxe2
0-1

[Event "2BLN 1920 SV Glückauf Rüdersdorf - FC"]
[Site "?"]
[Date "2019.12.07"]
[Round "5.4"]
[White "Steczek, Marcin"]
[Black "Sawatzki, Frank"]
[Result "0-1"]
[WhiteElo "2361"]
[BlackElo "2396"]
[PlyCount "72"]
[EventDate "2019.??.??"]

1. d4 Nf6 2. c4 g6 3. Nc3 Bg7 4. e4 d6 5. Be2 O-O 6. Bg5 Na6 7. Qd2 c6 8. h4 e5
9. d5 Nc5 10. f3 Qa5 11. Rb1 Qb4 12. dxc6 bxc6 13. Qxd6 Be6 14. Qxc6 Rab8 15.
Bd2 Qa5 16. b4 Rxb4 17. Nd1 Qb6 18. Qxb6 Rxb6 19. Rxb6 axb6 20. Nc3 Nh5 21. Kf2
Nf4 22. Nd5 Ra8 23. g3 Nxe2 24. Nxe2 Rxa2 25. Rd1 Nd3+ 26. Ke3 Nb2 27. Rc1 Ra3+
28. Rc3 Nd1+ 29. Kd3 Nxc3 30. Nexc3 Bxd5 31. exd5 Bf8 32. Kc2 f5 33. Be3 Bb4
34. Nd1 Ba5 35. f4 e4 36. Bf2 Kf7 0-1

[Event "2BLN 1920 SV Glückauf Rüdersdorf - FC"]
[Site "?"]
[Date "2019.12.07"]
[Round "5.5"]
[White "Ertan, Can"]
[Black "Dudzinski, Piotr"]
[Result "1-0"]
[WhiteElo "2373"]
[BlackElo "2332"]
[PlyCount "53"]
[EventDate "2019.??.??"]

1. e4 e6 2. d4 d5 3. Nc3 dxe4 4. Nxe4 Bd7 5. Nf3 Bc6 6. Bd3 Nd7 7. Qe2 Bxe4 8.
Bxe4 c6 9. Bg5 Ngf6 10. Bd3 Be7 11. O-O-O Nd5 12. h4 h6 13. Bd2 Qc7 14. Kb1
O-O-O 15. g3 Rhe8 16. a3 c5 17. c4 N5f6 18. Rhe1 Qb6 19. Ka2 cxd4 20. b4 e5 21.
Bf5 Kb8 22. Nxe5 Nxe5 23. Bf4 Qa6 24. Bxe5+ Bd6 25. Rxd4 Bxe5 26. Qxe5+ Ka8 27.
Qxe8 1-0

[Event "2BLN 1920 SV Glückauf Rüdersdorf - FC"]
[Site "?"]
[Date "2019.12.07"]
[Round "5.6"]
[White "Janaszak, Dawid"]
[Black "Voigt, Martin"]
[Result "1/2-1/2"]
[WhiteElo "2354"]
[BlackElo "2304"]
[PlyCount "82"]
[EventDate "2019.??.??"]

1. e4 c6 2. Nc3 d5 3. Nf3 dxe4 4. Nxe4 Nf6 5. Qe2 Nxe4 6. Qxe4 Nd7 7. Bc4 Nf6
8. Qe2 Bf5 9. d3 e6 10. Ne5 Bd6 11. Bd2 Qc7 12. f4 h5 13. h3 h4 14. O-O-O Nd5
15. Rhf1 O-O-O 16. Bb3 g5 17. Qf2 Kb8 18. Nf3 gxf4 19. Kb1 Ne3 20. Bxe3 fxe3
21. Qxe3 Bf4 22. Qc5 Qd6 23. Qf2 Bg3 24. Qd2 Bg6 25. Ng5 Rd7 26. Qe3 Bh5 27.
Rd2 Qe5 28. Qxe5+ Bxe5 29. c3 Bg6 30. Bc2 Rg8 31. Nf3 Bf4 32. Rdd1 Bh5 33. Rde1
Bxf3 34. Rxf3 e5 35. Re2 f6 36. Bb3 Rg5 37. d4 Rdg7 38. dxe5 fxe5 39. Rff2 Kc7
40. Be6 Rg3 41. Bg4 c5 1/2-1/2

[Event "2BLN 1920 SV Glückauf Rüdersdorf - FC"]
[Site "?"]
[Date "2019.12.07"]
[Round "5.7"]
[White "Mueller, Fabian"]
[Black "Sroczynski, Maciej"]
[Result "1-0"]
[WhiteElo "2336"]
[BlackElo "2279"]
[PlyCount "101"]
[EventDate "2019.??.??"]

1. d4 d5 2. c4 e6 3. Nc3 Nf6 4. cxd5 exd5 5. Bg5 Nbd7 6. e3 Be7 7. Bd3 O-O 8.
Nf3 Re8 9. O-O c6 10. Qc2 Nf8 11. h3 g6 12. Ne5 Ne6 13. f4 Ng7 14. g4 Nd7 15.
Bh6 Nxe5 16. fxe5 Bg5 17. Bxg5 Qxg5 18. Qf2 Be6 19. Qf4 h6 20. Rf2 Rac8 21.
Raf1 Rc7 22. Qxg5 hxg5 23. Rc1 Rcc8 24. Na4 Re7 25. b4 Bd7 26. Nc5 Be8 27. Rf6
b6 28. Nb3 Ne6 29. Kf2 c5 30. Ba6 Rb8 31. bxc5 bxc5 32. dxc5 Nc7 33. Nd4 Rxe5
34. Rd6 Kf8 35. Rc2 Ke7 36. Be2 Ba4 37. Rc3 Be8 38. Ra3 Rb7 39. Ra5 Re4 40. Bf3
Re5 41. Be2 Re4 42. Bd3 Re5 43. Kf3 a6 44. Rb6 Ra7 45. Rb8 Kd7 46. Bc2 Ra8 47.
Ba4+ Ke7 48. Rxa8 Nxa8 49. Rxa6 Nc7 50. Rd6 f5 51. Nc6+ 1-0

[Event "2BLN 1920 SV Glückauf Rüdersdorf - FC"]
[Site "?"]
[Date "2019.12.07"]
[Round "5.8"]
[White "Szyszylo, Rafal"]
[Black "Stenner, Patrick"]
[Result "1/2-1/2"]
[WhiteElo "2223"]
[BlackElo "2255"]
[PlyCount "39"]
[EventDate "2019.??.??"]

1. e4 c6 2. d4 d5 3. e5 c5 4. Nf3 cxd4 5. Nxd4 e6 6. Nd2 Nc6 7. N2f3 Nge7 8.
Nxc6 bxc6 9. Bd3 Ba6 10. O-O Bxd3 11. cxd3 Nf5 12. Bg5 Qd7 13. d4 h6 14. Bd2
Rb8 15. g4 Ne7 16. b4 Nc8 17. Qc2 Nb6 18. Rab1 Be7 19. Rb3 Nc4 20. Kg2 1/2-1/2

[Event "2BLN 1920 SK König Tegel - SG AE Magdeb"]
[Site "?"]
[Date "2019.12.07"]
[Round "5.1"]
[White "Roseneck, Jonas"]
[Black "Stern, Rene"]
[Result "0-1"]
[WhiteElo "2417"]
[BlackElo "2520"]
[PlyCount "122"]
[EventDate "2019.??.??"]

1. e4 e5 2. Nf3 Nc6 3. Bb5 Nf6 4. O-O Nxe4 5. Re1 Nd6 6. Nxe5 Be7 7. Bf1 Nxe5
8. Rxe5 O-O 9. d4 Ne8 10. d5 Bc5 11. Be3 d6 12. Bxc5 dxc5 13. Nd2 Nd6 14. Qf3
Re8 15. Rxe8+ Qxe8 16. Qc3 b6 17. Nf3 Bb7 18. Re1 Qf8 19. Qd3 Re8 20. Ng5 g6
21. Ne4 Nxe4 22. Rxe4 Rxe4 23. Qxe4 Qd6 24. Bc4 Kf8 25. h3 Qe7 26. Qf4 Kg7 27.
c3 a6 28. a4 a5 29. Kf1 h6 30. Kg1 Bc8 31. Bd3 g5 32. Qd2 Qe5 33. Bc2 Ba6 34.
Bb3 c4 35. Ba2 Kf6 36. b3 cxb3 37. Bxb3 Ke7 38. c4 Kd6 39. Qc1 Qe4 40. Qa3+ Kd7
41. Qc1 Qd3 42. Ba2 Qd4 43. g3 Kd8 44. Bb3 Bc8 45. h4 f6 46. hxg5 hxg5 47. Qa3
Ke8 48. Bc2 Kf7 49. Qf3 Bg4 50. Qb3 Kg7 51. Qa3 Qe5 52. Qd3 f5 53. Kg2 Be2 54.
Qd2 f4 55. gxf4 gxf4 56. f3 Bxc4 57. Be4 Qg5+ 58. Kh1 Qh4+ 59. Kg1 Qg3+ 60. Kh1
Qh3+ 61. Kg1 Qf1+ 0-1

[Event "2BLN 1920 SK König Tegel - SG AE Magdeb"]
[Site "?"]
[Date "2019.12.07"]
[Round "5.2"]
[White "Rabiega, Robert"]
[Black "Biastoch, Bennet"]
[Result "1/2-1/2"]
[WhiteElo "2513"]
[BlackElo "2242"]
[PlyCount "148"]
[EventDate "2019.??.??"]

1. e4 c5 2. Nc3 d6 3. d4 cxd4 4. Qxd4 Nc6 5. Qd2 g6 6. b3 Bg7 7. Bb2 Nf6 8.
O-O-O O-O 9. f3 Qa5 10. Kb1 Rd8 11. a3 Be6 12. Nd5 Qxd2 13. Rxd2 Ne8 14. Ne2
Rac8 15. c4 Bxb2 16. Kxb2 Bd7 17. Nec3 Kf8 18. Be2 Nc7 19. f4 Nxd5 20. Nxd5 Be6
21. Ne3 Kg7 22. Rhd1 b6 23. Bf3 f6 24. g3 Rf8 25. h4 h6 26. Bg4 Bxg4 27. Nxg4
h5 28. Ne3 Kf7 29. b4 Rg8 30. Rf2 Rcf8 31. Kc3 Rc8 32. Rd5 Rcd8 33. Kb3 Ke8 34.
Rfd2 Kf7 35. Ka4 Rb8 36. Rd1 Rbc8 37. c5 dxc5 38. bxc5 bxc5 39. Rxc5 Nb8 40.
Rdc1 Rxc5 41. Rxc5 Rd8 42. Nd5 Nd7 43. Rc6 Nb6+ 44. Nxb6 axb6 45. Rxb6 Rd4+ 46.
Rb4 Rd3 47. Rb3 Rd4+ 48. Kb5 Rxe4 49. a4 e5 50. a5 exf4 51. gxf4 g5 52. a6 gxh4
53. a7 Re8 54. Ka6 Kg6 55. Rh3 Kf5 56. Rxh4 Ke4 57. Kb7 Re7+ 58. Kb6 Re6+ 59.
Kb5 Re8 60. Kc6 Re6+ 61. Kb5 Re8 62. Rxh5 Kxf4 63. Rh4+ Kg3 64. Ra4 Ra8 65.
Ra3+ Kg2 66. Kc6 f5 67. Kb7 Rxa7+ 68. Rxa7 f4 69. Kc6 f3 70. Rg7+ Kh2 71. Kd5
f2 72. Rf7 Kg2 73. Ke4 f1=Q 74. Rxf1 Kxf1 1/2-1/2

[Event "2BLN 1920 SK König Tegel - SG AE Magdeb"]
[Site "?"]
[Date "2019.12.07"]
[Round "5.3"]
[White "Sieber, Fiona"]
[Black "Muse, Mladen"]
[Result "0-1"]
[WhiteElo "2277"]
[BlackElo "2387"]
[PlyCount "90"]
[EventDate "2019.??.??"]

1. e4 g6 2. d4 Bg7 3. Nc3 c6 4. f4 Qb6 5. Nf3 d5 6. e5 Bg4 7. Na4 Qa5+ 8. c3
Bxf3 9. gxf3 e6 10. Nc5 Qc7 11. Nd3 Ne7 12. b3 Nd7 13. Ba3 Qd8 14. Qd2 Nf5 15.
Bh3 Qh4+ 16. Nf2 Bh6 17. Bg4 O-O-O 18. Ke2 Bf8 19. Bxf8 Nxf8 20. a4 Ng7 21.
Rae1 h5 22. Bh3 Kb8 23. Kd1 Nd7 24. Kc2 c5 25. Kb2 Rc8 26. Rc1 Rc7 27. c4 dxc4
28. Rxc4 Nb6 29. Rxc5 Rxc5 30. dxc5 Rd8 31. Qc2 Qxf4 32. Ne4 Nd5 33. Nd6 Qxe5+
34. Ka3 Rd7 35. Rc1 Rc7 36. Qe4 Qxh2 37. Qd4 Qf4 38. Qxf4 Nxf4 39. Bf1 Nf5 40.
Nb5 Rd7 41. c6 bxc6 42. Rxc6 Ne3 43. Bc4 h4 44. Nc3 Nc2+ 45. Kb2 Nb4 0-1

[Event "2BLN 1920 SK König Tegel - SG AE Magdeb"]
[Site "?"]
[Date "2019.12.07"]
[Round "5.5"]
[White "Paul, Johannes"]
[Black "Fruebing, Stefan"]
[Result "1/2-1/2"]
[WhiteElo "2374"]
[BlackElo "2413"]
[PlyCount "79"]
[EventDate "2019.??.??"]

1. d4 d5 2. c4 c6 3. Nf3 Nf6 4. e3 Bg4 5. h3 Bh5 6. g4 Bg6 7. Ne5 Nbd7 8. Nxg6
hxg6 9. cxd5 cxd5 10. Nc3 e6 11. g5 Ng8 12. e4 Ne7 13. Nb5 Nc6 14. exd5 Bb4+
15. Bd2 exd5 16. Bxb4 Nxb4 17. a3 Nc6 18. Qg4 Nf8 19. O-O-O Ne6 20. Re1 Kf8 21.
Rxe6 fxe6 22. Bd3 Ne7 23. Re1 Nf5 24. Kb1 Rh4 25. Qf3 a6 26. Bxf5 exf5 27. Qg3
Qa5 28. Qd6+ Kg8 29. Re7 Qxb5 30. Qxg6 Qd3+ 31. Ka1 Qd1+ 32. Ka2 Qxd4 33. Qf7+
Kh8 34. g6 Re4 35. Qxf5 Qc4+ 36. Kb1 Qf1+ 37. Ka2 Qc4+ 38. Kb1 Qf1+ 39. Kc2
Qc4+ 40. Kb1 1/2-1/2

[Event "2BLN 1920 SK König Tegel - SG AE Magdeb"]
[Site "?"]
[Date "2019.12.07"]
[Round "5.6"]
[White "Von Herman, Ulf"]
[Black "Melamed, Tatjana"]
[Result "1/2-1/2"]
[WhiteElo "2351"]
[BlackElo "2379"]
[PlyCount "70"]
[EventDate "2019.??.??"]

1. g3 Nf6 2. Bg2 e6 3. Nf3 d5 4. O-O Be7 5. c4 dxc4 6. Qa4+ Bd7 7. Qxc4 c5 8.
Ne5 Qc8 9. d3 Nc6 10. Nxd7 Qxd7 11. Be3 Rc8 12. Nd2 O-O 13. Rfc1 Nd5 14. Qa4
Nxe3 15. fxe3 Bg5 16. Nf1 b6 17. Rc2 Ne5 18. Qxd7 Nxd7 19. Rac1 Rcd8 20. Kf2
Nf6 21. h3 Nd5 22. a3 h5 23. Rc4 h4 24. gxh4 Be7 25. a4 g6 26. h5 g5 27. Nd2
Kg7 28. Nf3 Rh8 29. Ne5 Bf6 30. Nc6 Rd7 31. b4 Nxb4 32. Nxb4 cxb4 33. Rxb4 Rxh5
34. Rbc4 Rh8 35. Rc8 Rxc8 {(=)} 1/2-1/2

[Event "2BLN 1920 SK König Tegel - SG AE Magdeb"]
[Site "?"]
[Date "2019.12.07"]
[Round "5.7"]
[White "Merkert, Maximilian"]
[Black "Mueller, Nick"]
[Result "1/2-1/2"]
[WhiteElo "2214"]
[BlackElo "2364"]
[PlyCount "134"]
[EventDate "2019.??.??"]

1. c4 Nf6 2. g3 c6 3. Nf3 d5 4. Bg2 Bg4 5. Ne5 Be6 6. cxd5 Bxd5 7. Nf3 c5 8.
Nc3 Bc6 9. O-O Nbd7 10. d3 e5 11. Ng5 Nb8 12. Qb3 Qe7 13. f4 Bxg2 14. Kxg2 Nc6
15. fxe5 Nxe5 16. Bf4 Ng6 17. Rf3 Ng4 18. Qa4+ Qd7 19. Nb5 f6 20. Nc7+ Kd8 21.
Nge6+ Kc8 22. Qxd7+ Kxd7 23. Nxa8 Kxe6 24. Nc7+ Kd7 25. Nb5 a6 26. Nc3 h5 27.
h3 N4e5 28. Rff1 Nc6 29. Rac1 h4 30. g4 Nxf4+ 31. Rxf4 Bd6 32. Re4 b6 33. Nd5
Rb8 34. Ne3 Be5 35. b3 a5 36. Nf5 Nb4 37. Rxb4 axb4 38. Nxg7 Bf4 39. Rc2 Bg5
40. Kf3 Kc6 41. Nf5 Re8 42. e3 Kd5 43. Kf2 Rd8 44. Ke1 Re8 45. Re2 Rd8 46. Kd1
Re8 47. Kd2 Re6 48. Kc2 Re8 49. Kb2 Bf4 50. Kc2 Bc7 51. Rf2 Ra8 52. Kb1 Ke6 53.
Rf3 Rd8 54. e4 Rh8 55. Ne3 Be5 56. Nc2 Rd8 57. a3 bxa3 58. Nxa3 Ra8 59. Nc2 Bc3
60. Rf5 Rd8 61. Rf3 Ra8 62. Rf1 b5 63. Rf5 Rd8 64. Rf3 b4 65. Kc1 Ra8 66. Kb1
Rd8 67. Kc1 Ra8 1/2-1/2

[Event "2BLN 1920 SK König Tegel - SG AE Magdeb"]
[Site "?"]
[Date "2019.12.07"]
[Round "5.8"]
[White "Kachibadze, Georg"]
[Black "Schoene, Maria"]
[Result "1/2-1/2"]
[WhiteElo "2276"]
[BlackElo "2147"]
[PlyCount "98"]
[EventDate "2019.??.??"]

1. e4 c5 2. Nf3 d6 3. Bc4 Nc6 4. c3 Nf6 5. d3 Bg4 6. Qb3 e6 7. Qxb7 Rc8 8. Bb5
Qd7 9. Qxd7+ Kxd7 10. Nbd2 Kc7 11. O-O Be7 12. h3 Bh5 13. Re1 Rb8 14. Ba4 d5
15. Bxc6 Kxc6 16. Ne5+ Kc7 17. Ndf3 dxe4 18. dxe4 Rb6 19. Nc4 Ra6 20. Bf4+ Kc8
21. Nfe5 Ne8 22. g4 Bg6 23. Kg2 Nd6 24. Nxg6 hxg6 25. Bxd6 Bxd6 26. e5 Be7 27.
Red1 Rd8 28. Rxd8+ Kxd8 29. a4 Rc6 30. Rd1+ Ke8 31. Kg3 g5 32. f4 gxf4+ 33.
Kxf4 Ra6 34. b3 Rc6 35. Rd3 Rc8 36. Na3 a6 37. g5 Rb8 38. c4 Bd8 39. Nc2 Bc7
40. Ne1 Ke7 41. h4 f6 42. gxf6+ gxf6 43. Nf3 Rh8 44. Re3 Bxe5+ 45. Nxe5 fxe5+
46. Kg5 Rg8+ 47. Kh6 Rh8+ 48. Kg5 Rg8+ 49. Kh6 Rh8+ 1/2-1/2

[Event "2BLN 1920 SK Zehlendorf - SC Empor Pots"]
[Site "?"]
[Date "2019.12.07"]
[Round "5.1"]
[White "Hansch, Karsten"]
[Black "Lagunow, Raphael"]
[Result "1/2-1/2"]
[WhiteElo "2279"]
[BlackElo "2424"]
[PlyCount "40"]
[EventDate "2019.??.??"]

1. e4 c5 2. c3 Nc6 3. Nf3 e5 4. Bc4 g6 5. d3 h6 6. h4 Bg7 7. h5 g5 8. Nh2 Nge7
9. Ng4 d6 10. Ne3 O-O 11. Nd5 Kh7 12. g4 Rb8 13. Nxe7 Nxe7 14. Bd5 Be6 15. c4
Nc6 16. Bxc6 bxc6 17. f3 Qd7 18. Kf2 Bf6 19. Qc2 Bd8 20. Bd2 Qb7 {(=)} 1/2-1/2

[Event "2BLN 1920 SK Zehlendorf - SC Empor Pots"]
[Site "?"]
[Date "2019.12.07"]
[Round "5.2"]
[White "Malek, Daniel"]
[Black "Penzold, Andreas"]
[Result "0-1"]
[WhiteElo "2350"]
[BlackElo "2385"]
[PlyCount "82"]
[EventDate "2019.??.??"]

1. d4 Nf6 2. c4 c5 3. d5 e5 4. Nc3 d6 5. e4 Be7 6. g3 O-O 7. Bg2 a6 8. Nge2
Nbd7 9. O-O Ne8 10. a4 b6 11. Be3 Rb8 12. f4 Nc7 13. Qd3 Bf6 14. f5 Bg5 15. Bf2
h5 16. h4 Bh6 17. Bf3 Nf6 18. Nc1 b5 19. axb5 axb5 20. b3 bxc4 21. bxc4 Ba6 22.
Rb1 Rxb1 23. Nxb1 Qb8 24. Nb3 Qb4 25. N1d2 g6 26. fxg6 fxg6 27. Rb1 Qa4 28. Kg2
Qd7 29. Be3 Bxe3 30. Qxe3 Kg7 31. Nxc5 dxc5 32. Qxc5 Bc8 33. Rh1 Ne6 34. Qe3
Nd4 35. c5 Qa4 36. Rf1 Qc2 37. c6 Bg4 38. Kg1 Bxf3 39. Nxf3 Ng4 40. Qa3 Nxf3+
41. Rxf3 Qd1+ 0-1

[Event "2BLN 1920 SK Zehlendorf - SC Empor Pots"]
[Site "?"]
[Date "2019.12.07"]
[Round "5.3"]
[White "Hansch, Stephan"]
[Black "Stachowiak, Kamil"]
[Result "0-1"]
[WhiteElo "2144"]
[BlackElo "2440"]
[PlyCount "70"]
[EventDate "2019.??.??"]

1. d4 Nf6 2. c4 g6 3. Nc3 c5 4. d5 Bg7 5. e4 d6 6. Be2 O-O 7. Bg5 a6 8. a4 Qa5
9. Qd2 b5 10. cxb5 axb5 11. Bxb5 Ba6 12. Bxa6 Rxa6 13. Nge2 Nbd7 14. O-O Rb8
15. Qc2 Qb4 16. Rab1 Qb3 17. Qd2 Ne5 18. Nc1 Qb4 19. Nd3 Nxd3 20. Qxd3 c4 21.
Qc2 Kf8 22. Rfc1 Nd7 23. Ne2 Nc5 24. Qxc4 Rxa4 25. Qxb4 Raxb4 26. f3 Bxb2 27.
Bh6+ Ke8 28. Bd2 Bd4+ 29. Nxd4 Rxb1 30. Rxb1 Rxb1+ 31. Kf2 Nb3 32. Nxb3 Rxb3
33. Bg5 Kd7 34. Kg3 Rb2 35. h3 e6 0-1

[Event "2BLN 1920 SK Zehlendorf - SC Empor Pots"]
[Site "?"]
[Date "2019.12.07"]
[Round "5.4"]
[White "Brodowski, Piotr"]
[Black "Tiarks, Jann-Christian"]
[Result "1-0"]
[WhiteElo "2445"]
[BlackElo "2168"]
[PlyCount "63"]
[EventDate "2019.??.??"]

1. c4 c5 2. Nc3 Nc6 3. g3 g6 4. Bg2 Bg7 5. a3 d6 6. Rb1 a5 7. e3 e5 8. Nge2
Nge7 9. O-O O-O 10. h3 Be6 11. Nd5 Rb8 12. Nec3 f5 13. d3 g5 14. f4 gxf4 15.
exf4 Ng6 16. Kh2 Nd4 17. Be3 Kh8 18. b4 exf4 19. Nxf4 Nxf4 20. Bxf4 axb4 21.
axb4 b6 22. Re1 Re8 23. bxc5 bxc5 24. Nb5 Nxb5 25. cxb5 Ba2 26. Ra1 Bf7 27. Ra7
Qf6 28. b6 Bg8 29. Rxe8 Rxe8 30. b7 Qb2 31. Ra8 Re2 32. Qxe2 1-0

[Event "2BLN 1920 SK Zehlendorf - SC Empor Pots"]
[Site "?"]
[Date "2019.12.07"]
[Round "5.5"]
[White "Schoene, Ralf"]
[Black "Luch, Michal"]
[Result "0-1"]
[WhiteElo "2269"]
[BlackElo "2402"]
[PlyCount "66"]
[EventDate "2019.??.??"]

1. d4 Nf6 2. c4 e6 3. Nc3 Bb4 4. e3 O-O 5. Nge2 Re8 6. a3 Bf8 7. g3 d5 8. cxd5
exd5 9. Bg2 c6 10. O-O Bf5 11. f3 h6 12. g4 Bh7 13. Ng3 Bd6 14. f4 Ne4 15.
Ncxe4 Bxe4 16. Nxe4 dxe4 17. b3 Na6 18. Ra2 Nc7 19. g5 hxg5 20. f5 Qf6 21. Qg4
Nd5 22. Rc2 Bxa3 23. Bxa3 Nxe3 24. Qe2 Nxc2 25. Qxc2 Qxd4+ 26. Kh1 e3 27. Qe2
Rad8 28. Bf3 Qd3 29. Bb4 Qxb3 30. Be1 Re5 31. Bg4 Qd3 32. Kg1 Re4 33. Qf3 e2
0-1

[Event "2BLN 1920 SK Zehlendorf - SC Empor Pots"]
[Site "?"]
[Date "2019.12.07"]
[Round "5.6"]
[White "Meister, Jakob"]
[Black "Haasler, Andreas"]
[Result "1-0"]
[WhiteElo "2426"]
[BlackElo "2233"]
[PlyCount "69"]
[EventDate "2019.??.??"]

1. Nf3 d5 2. c4 e6 3. d4 Nf6 4. Nc3 Be7 5. Bg5 O-O 6. e3 h6 7. Bf4 Nbd7 8. Qc2
a6 9. cxd5 exd5 10. g4 c5 11. g5 hxg5 12. Bxg5 Re8 13. Rg1 Qa5 14. O-O-O b5 15.
dxc5 Bxc5 16. Kb1 Bb7 17. Qf5 Re6 18. Bd3 Be7 19. Nd4 Re5 20. Qh3 Nf8 21. f4
Bc8 22. Qf3 Re6 23. f5 Rd6 24. Bf4 Qd8 25. Qg2 Ne8 26. Bxd6 Bxd6 27. Qxd5 Bd7
28. f6 Bxh2 29. fxg7 Nxg7 30. Rg2 b4 31. Rxh2 bxc3 32. Rdh1 c2+ 33. Bxc2 Ng6
34. Bxg6 Bf5+ 35. Nxf5 1-0

[Event "2BLN 1920 SK Zehlendorf - SC Empor Pots"]
[Site "?"]
[Date "2019.12.07"]
[Round "5.7"]
[White "Bachmann, Volker"]
[Black "Lagunow, Alexander"]
[Result "0-1"]
[WhiteElo "2121"]
[BlackElo "2374"]
[PlyCount "86"]
[EventDate "2019.??.??"]

1. d4 Nf6 2. c4 e6 3. Nc3 Bb4 4. Qc2 c5 5. dxc5 O-O 6. a3 Bxc5 7. Nf3 Nc6 8.
Bg5 Be7 9. e3 d5 10. O-O-O Qa5 11. Bxf6 Bxf6 12. cxd5 Ne7 13. e4 exd5 14. e5
Bxe5 15. Nxe5 d4 16. Rxd4 Qxe5 17. Qe4 Qf6 18. Bd3 Bf5 19. Qf4 Ng6 20. Qd6 Qg5+
21. f4 Qxg2 22. Rd1 Bxd3 23. R1xd3 Qxh2 24. Nd5 h6 25. Qd7 Rae8 26. Rd2 Re2 27.
f5 Ne5 28. Ne7+ Kh7 29. Qd6 Qg1+ 30. Rd1 Qg5+ 31. Kb1 Re8 32. f6 Qxf6 33. Qxf6
gxf6 34. Nd5 Rf2 35. Re4 Re6 36. Rde1 Rxb2+ 37. Kxb2 Nd3+ 38. Kc3 Nxe1 39. Rc4
Rc6 40. Rxc6 bxc6 41. Ne7 h5 42. Kd2 Nf3+ 43. Ke3 Ne5 0-1

[Event "2BLN 1920 SK Zehlendorf - SC Empor Pots"]
[Site "?"]
[Date "2019.12.07"]
[Round "5.8"]
[White "Figura, Atila Gajo"]
[Black "Tschernatsch, Johannes"]
[Result "1/2-1/2"]
[WhiteElo "2381"]
[BlackElo "2190"]
[PlyCount "85"]
[EventDate "2019.??.??"]

1. d4 Nf6 2. c4 g6 3. Nf3 Bg7 4. g3 O-O 5. Bg2 c6 6. O-O d5 7. cxd5 cxd5 8. Ne5
Ne4 9. Nc3 Nxc3 10. bxc3 Nc6 11. Nxc6 bxc6 12. Ba3 Ba6 13. Re1 Re8 14. e4 e6
15. h4 h5 16. e5 Bc4 17. Bf3 Rb8 18. Qd2 Rb5 19. Kg2 f5 20. exf6 Qxf6 21. Bd6
Qf5 22. Bd1 Qd3 23. Qc1 Rd8 24. Bc2 Qxc3 25. Rxe6 Qxd4 26. Be5 Bxe5 27. Qg5
Rbb8 28. Rd1 Qc3 29. Qxg6+ Bg7 30. Qh7+ Kf8 31. Qf5+ Kg8 32. Qh7+ Kf8 33. Re3
Qb2 34. Rde1 d4 35. Rf3+ Bf7 36. Rxf7+ Kxf7 37. Qxh5+ Kf8 38. Qf5+ Kg8 39. Qh7+
Kf8 40. Qf5+ Kg8 41. Re7 d3 42. Qf7+ Kh8 43. Qh5+ 1/2-1/2

[Event "2BLN 1920 Hamburger SK II - SV Glückau"]
[Site "?"]
[Date "2019.12.08"]
[Round "6.1"]
[White "Kanarek, Marcel"]
[Black "Souleidis, Georgios"]
[Result "1-0"]
[WhiteElo "2478"]
[BlackElo "2418"]
[PlyCount "97"]
[EventDate "2019.??.??"]

1. e4 c6 2. d4 d5 3. Nc3 dxe4 4. Nxe4 Nf6 5. Nxf6+ exf6 6. c3 Bd6 7. Bd3 O-O 8.
Qc2 Re8+ 9. Ne2 h5 10. O-O h4 11. Nf4 Qc7 12. g3 Nd7 13. Qd1 Nf8 14. Qh5 Qd7
15. Bd2 Bxf4 16. Bxf4 Qh3 17. Qxh4 g5 18. Qxh3 Bxh3 19. Be3 Bxf1 20. Kxf1 Ng6
21. Kg2 Rad8 22. Rh1 c5 23. Bb5 Re7 24. h4 gxh4 25. gxh4 cxd4 26. Bxd4 Re4 27.
Kg3 a6 28. Bd3 Re6 29. Bf5 Red6 30. Re1 Ne5 31. Re4 Kg7 32. h5 Rh8 33. Rh4 Rg8
34. Kf4 Kh8 35. Be4 Nc6 36. Be3 Rg5 37. Kf3 Ne5+ 38. Ke2 Rg4 39. Rxg4 Nxg4 40.
Bxb7 Nxe3 41. Kxe3 Rb6 42. Bd5 Rxb2 43. c4 Rxa2 44. c5 Rc2 45. c6 Kg7 46. Kd4
Kf8 47. h6 Rc1 48. h7 Kg7 49. Bc4 1-0

[Event "2BLN 1920 Hamburger SK II - SV Glückau"]
[Site "?"]
[Date "2019.12.08"]
[Round "6.2"]
[White "Meissner, Felix"]
[Black "Leniart, Arkadiusz"]
[Result "1/2-1/2"]
[WhiteElo "2377"]
[BlackElo "2508"]
[PlyCount "22"]
[EventDate "2019.??.??"]

1. e4 e5 2. Nf3 Nc6 3. d4 exd4 4. Nxd4 Bc5 5. Nb3 Bb4+ 6. Nc3 Nf6 7. Bd3 d5 8.
O-O dxe4 9. Nxe4 Nxe4 10. Bxe4 Qxd1 11. Rxd1 Bd7 1/2-1/2

[Event "2BLN 1920 Hamburger SK II - SV Glückau"]
[Site "?"]
[Date "2019.12.08"]
[Round "6.3"]
[White "Sieciechowicz, Marcin"]
[Black "Bracker, Frank"]
[Result "0-1"]
[WhiteElo "2366"]
[BlackElo "2383"]
[PlyCount "120"]
[EventDate "2019.??.??"]

1. d4 Nf6 2. c4 e6 3. Nc3 d5 4. cxd5 exd5 5. Bg5 c6 6. Qc2 Nbd7 7. e3 Be7 8.
Bd3 O-O 9. Nge2 Re8 10. O-O Nf8 11. f3 g6 12. Rad1 Ne6 13. Bh4 b6 14. h3 Bb7
15. Bf2 Rc8 16. e4 Nh5 17. Qd2 Bg5 18. Be3 Bxe3+ 19. Qxe3 a6 20. g4 Nhg7 21.
Qf2 Rf8 22. Bc2 Rc7 23. Bb3 f5 24. Qg3 Kh8 25. Kh2 Rcf7 26. gxf5 gxf5 27. exd5
f4 28. Qg4 cxd5 29. Rg1 Rf5 30. Qg2 Rh5 31. Qf2 Ng5 32. Rxg5 Qxg5 33. Ng1 Nf5
34. Re1 Ne3 35. Nd1 Re8 36. Nxe3 fxe3 37. Qg3 Rg8 38. Qxg5 Rhxg5 39. f4 Rg2+
40. Kh1 Rf2 41. Bd1 Rgg2 42. Nf3 e2 43. Bb3 Rg3 44. Nd2 Rxh3+ 45. Kg1 Rfh2 46.
Nf3 Rh1+ 47. Kg2 R3h2+ 48. Kg3 h5 49. Rxh1 Rxh1 50. Kf2 Rb1 51. Kxe2 Rxb2+ 52.
Ke3 a5 53. Ne5 Kg7 54. f5 h4 55. Nd7 h3 56. f6+ Kg6 57. Bd1 h2 58. Bf3 Rxa2 59.
Kf4 Ra1 60. Ne5+ Kxf6 0-1

[Event "2BLN 1920 Hamburger SK II - SV Glückau"]
[Site "?"]
[Date "2019.12.08"]
[Round "6.4"]
[White "Colpe, Malte"]
[Black "Steczek, Marcin"]
[Result "1/2-1/2"]
[WhiteElo "2368"]
[BlackElo "2361"]
[PlyCount "120"]
[EventDate "2019.??.??"]

1. e4 c6 2. d4 d5 3. Nc3 dxe4 4. Nxe4 Nf6 5. Nxf6+ exf6 6. c3 Bd6 7. Bd3 O-O 8.
Qc2 Re8+ 9. Ne2 h5 10. O-O Qc7 11. h3 h4 12. c4 c5 13. d5 Na6 14. a3 Bd7 15. f4
f5 16. Nc3 g6 17. Kh1 Bf8 18. Bd2 Qd6 19. Ne2 Bg7 20. Ng1 Nc7 21. Rab1 b5 22.
b3 a5 23. Nf3 a4 24. Ne5 Rab8 25. b4 bxc4 26. bxc5 cxd3 27. cxd6 dxc2 28. Rxb8
Rxb8 29. dxc7 Rb1 30. Rc1 Bxe5 31. fxe5 Kf8 32. Kg1 Bc8 33. Kf2 Rxc1 34. Bxc1
Ke7 35. Ke3 Kd7 36. d6 g5 37. Bb2 Bb7 38. Kf2 f4 39. Kf1 Ke6 40. Ke2 Kd7 41.
Kf2 Be4 42. Kf1 Bf5 43. Ke2 g4 44. hxg4 Bxg4+ 45. Kd2 f3 46. e6+ Bxe6 47. c8=Q+
Kxc8 48. gxf3 h3 49. Be5 Bf5 50. Bh2 Kd7 51. Bg3 Ke6 52. Bh2 Kd5 53. d7 Bxd7
54. Kxc2 Kd4 55. Kd2 Bc6 56. Ke2 Kc3 57. Kf2 Kb3 58. Bd6 h2 59. Kg2 Bxf3+ 60.
Kxh2 Bd5 1/2-1/2